[Event "FRA-chT9697 groupe A"]
[Site "France"]
[Date "1997.??.??"]
[Round "4"]
[White "Hamdouchi, Hichem"]
[Black "Szabolcsi, Janos"]
[Result "1-0"]
[WhiteElo "2520"]
[BlackElo "2410"]

1.e4 c5 2.Nf3 Nc6 3.d4 cxd4 4.Nxd4 Qc7 5.Nc3 e6 6.g3 a6 7.Bg2 Nf6 8.O-O Be7
9.Re1 O-O 10.Nxc6 dxc6 11.e5 Rd8 12.Bd2 Nd5 13.Nb1 b5 14.Qg4 Bb7 15.Bh6 g6
16.Nd2 Nb4 17.Be4 c5 18.Bg5 Bxe4 19.Nxe4 Nxc2 20.Bxe7 Qxe7 21.Nf6+ Kg7 22.Qh4 h5
23.Nxh5+ Kf8 24.Nf6 Qb7 25.Qh6+ Ke7 26.Qc1 Rh8 27.Qxc2 c4 28.Qd2 Kf8 29.Qf4 Kg7
30.Rad1 Rxh2 31.Ne8+ Rxe8 32.Qf6+ Kh7 33.Kxh2 Rh8 34.Kg1  1-0

[Event "BL2-N9697"]
[Site "Germany"]
[Date "1997.??.??"]
[Round "?.1"]
[White "Joecks, Christian"]
[Black "Wilhelmi, Christian"]
[Result "1/2-1/2"]
[WhiteElo "2395"]
[BlackElo "2400"]

1.e4 c5 2.Nf3 Nc6 3.d4 cxd4 4.Nxd4 Qb6 5.Nb3 e6 6.Bd3 Nf6 7.Nc3 d6 8.O-O Be7
9.Be3 Qc7 10.f4 a6 11.Qf3 Rb8 12.Qg3 b5 13.e5 Nh5 14.Qf3 g6 15.Be4 Bb7 16.exd6 Bxd6
17.Nc5 Bxc5 18.Bxc5 f5 19.Bxc6+ Qxc6 20.Qxc6+ Bxc6 21.Rad1 Kf7 22.g3 Rhd8
23.b4  1/2-1/2

[Event "NRW-Liga I 9697"]
[Site "Germany"]
[Date "1997.??.??"]
[Round "7.1"]
[White "Schockenbaeumer, Dirk"]
[Black "Richter, Wolfgang"]
[Result "0-1"]
[WhiteElo "2150"]
[BlackElo "2460"]

1.e4 c5 2.Nf3 Nc6 3.d4 cxd4 4.Nxd4 Qb6 5.Nb3 Nf6 6.Nc3 e6 7.Be3 Qc7 8.f4 Bb4
9.Bd3 d5 10.e5 Ne4 11.Bxe4 dxe4 12.Bc5 Bxc5 13.Nxc5 Nxe5 14.Qd4 Ng6 15.O-O O-O
16.N5xe4 Nxf4 17.Nf6+ gxf6 18.Qxf4 Qxf4 19.Rxf4 f5 20.Rd4 b6 21.Rad1 Bb7
22.R1d2 Bc6 23.Ne2 Kg7 24.c4 Kf6 25.Nf4 Ke7 26.Nd3 Rfd8 27.Ne5 Be8 28.Nf3 Rxd4
29.Rxd4 f6 30.Kf2 e5 31.Rh4 Bg6 32.Ke2 Rd8 33.g3 Ke6 34.Nd2 h5 35.Ke3 Ke7
36.Ke2 Bf7 37.Ke3 Rd7 38.Ke2 Rd6 39.b3 Rd8 40.Nf1 Rd7 41.Ne3 Ke6 42.Nd5 Be8
43.Ke3 Rh7 44.Ke2 Bc6 45.Ne3 Be4 46.Nd1 Kf7 47.Nc3 Bc6 48.c5 b5 49.a4 a6
50.axb5 axb5 51.Rb4 Ke6 52.Nxb5 Rb7 53.Nd4+ exd4 54.Rxd4 Ke5 55.Rh4 Rxb3  0-1

[Event "BL2-O9798"]
[Site "Germany"]
[Date "1997.??.??"]
[Round "7.5"]
[White "Schaack, Harry"]
[Black "Kraeussling, Andreas"]
[Result "1/2-1/2"]
[WhiteElo "2310"]
[BlackElo "2315"]

1.e4 c5 2.Nf3 Nc6 3.d4 cxd4 4.Nxd4 Qb6 5.Nb3 Nf6 6.Nc3 e6 7.a3 a6 8.Bf4 e5
9.Bg5 d6 10.Bxf6 gxf6 11.Nd5 Qd8 12.Qf3 Bg7 13.c4 Be6 14.Bd3 Bxd5 15.exd5 Ne7  1/2-1/2

[Event "Karsten Kold op"]
[Site "Gistrup"]
[Date "1997.??.??"]
[Round "9"]
[White "Christensen, Stefan"]
[Black "Hansen, Sune Normann"]
[Result "1-0"]
[WhiteElo "2155"]
[BlackElo "2150"]

1.e4 c5 2.Nf3 Nc6 3.d4 cxd4 4.Nxd4 Qc7 5.Nc3 e5 6.Ndb5 Qb8 7.Nd5 Bd6 8.Bg5 Kf8
9.Bc4 a6 10.Nxd6 Qxd6 11.Be3 b5 12.Bb3 Nf6 13.Nxf6 Qxf6 14.Qd5 h6 15.O-O g5
16.g3 Rg8 17.f3 h5 18.Kh1 Qg6 19.Bxg5 Rg7 20.Bh4 Kg8 21.Rad1 a5 22.Qc5 Rb8
23.Rd6 Qh7 24.Qxc6  1-0

[Event "Wichern op"]
[Site "Hamburg"]
[Date "1997.??.??"]
[Round "8"]
[White "Polzin, Rainer"]
[Black "Teske, Henrik"]
[Result "1/2-1/2"]
[WhiteElo "2445"]
[BlackElo "2515"]

1.e4 c5 2.Nf3 Nc6 3.d4 cxd4 4.Nxd4 Qc7 5.Nc3 e6 6.Be3 a6 7.Be2 Nf6 8.O-O Bb4
9.Na4 O-O 10.c4 Bd6 11.g3 Nxe4  1/2-1/2

[Event "HUN-chT2 9798"]
[Site "HUN"]
[Date "1997.??.??"]
[Round "?"]
[White "Hargittai, Szabolcs"]
[Black "Horvath, Julia"]
[Result "0-1"]
[WhiteElo "2220"]
[BlackElo "2270"]

1.e4 c5 2.Nf3 Nc6 3.d4 cxd4 4.Nxd4 Qc7 5.Nxc6 bxc6 6.Bd3 e5 7.O-O Nf6 8.c4 Be7
9.Nc3 O-O 10.Be3 a5 11.Kh1 d6 12.h3 Be6 13.f4 exf4 14.Bxf4 Nd7 15.Ne2 Ne5
16.Rc1 Rad8 17.Nd4 Bc8 18.b3 Bf6 19.Nf3 c5 20.Qc2 Bb7 21.Nxe5 Bxe5 22.Be3 Bc6
23.a4 Rb8 24.Rb1 Rb7 25.Qd2 Re8 26.Bf2 Qb8 27.Bc2 Qa8 28.Rbe1 Rbe7 29.Bg1 Qd8
30.Rd1 Qc7 31.Bf2 Re6 32.Be1 Ra8 33.Bf2 Qb7 34.Bg1 Bxe4 35.Bxe4 Qxe4 36.Qd5 Qxd5
37.Rxd5 Ree8 38.Bh2 Rac8 39.Rfd1 Kf8 40.Bxe5 dxe5 41.Kg1 Rc6 42.Rd7 e4 43.Ra7 g6
44.Rdd7 Rf6 45.Rxa5 e3 46.Rd1 Rf5 47.Re1 h5 48.Rb5 Kg7 49.a5 h4 50.a6 Rf6
51.Ra5 Ra8 52.a7 Re6 53.Kf1 Re7 54.Rxc5 Raxa7 55.b4 Ra2 56.b5 Re4 57.Kg1 Rc2
58.b6 Rb2 59.Rc6 Rd4 60.Rxe3 Rd1+ 61.Kh2 Rbb1  0-1

[Event "HUN-chT2 9798"]
[Site "HUN"]
[Date "1997.??.??"]
[Round "?"]
[White "Borsavolgyi, Tamas"]
[Black "Papp Z, Csaba"]
[Result "1/2-1/2"]
[WhiteElo "2280"]
[BlackElo "2255"]

1.e4 c5 2.Nf3 Nc6 3.d4 cxd4 4.Nxd4 Qb6 5.Nb3 Nf6 6.Nc3 e6 7.g3 h5 8.Bg2 h4
9.O-O hxg3 10.hxg3 d6 11.Be3 Qc7 12.Nd4 Bd7 13.Ndb5 Qb8 14.a4 Ne5 15.Qe2 a6
16.Na3 Qc7 17.Rfd1 Rc8 18.Bd4 Nc6 19.Be3 Ne5  1/2-1/2

[Event "HUN-chT 9798"]
[Site "Hungary"]
[Date "1997.??.??"]
[Round "?"]
[White "Sax, Gyula"]
[Black "Szuk, Balazs"]
[Result "1-0"]
[WhiteElo "2545"]
[BlackElo "2340"]

1.e4 c5 2.Nf3 Nc6 3.d4 cxd4 4.Nxd4 Qc7 5.Nc3 e6 6.Be3 a6 7.Bd3 b5 8.f4 Nxd4
9.Bxd4 Qxf4 10.Rf1 Qh4+ 11.g3 Qe7 12.e5 Bb7 13.Be4 Bc6 14.Qf3 Rc8 15.Bxc6 Rxc6
16.Ne4 Nh6 17.Nd6+ Rxd6 18.exd6 Qxd6 19.Qa8+ Ke7 20.O-O-O Qc6 21.Qa7 f6 22.Bc5+ Ke8
23.Bxf8 Rxf8 24.Rf3 e5 25.Rc3 Qe6 26.Rc8+ Ke7 27.Qc5+  1-0

[Event "Kastel Stari op"]
[Site "Kastel Stari"]
[Date "1997.??.??"]
[Round "8"]
[White "Bogut, Zeljko"]
[Black "Kurajica, Bojan"]
[Result "1/2-1/2"]
[WhiteElo "2285"]
[BlackElo "2545"]

1.e4 c5 2.Nf3 Nc6 3.d4 cxd4 4.Nxd4 Qb6 5.Nb3 Nf6 6.Nc3 e6 7.Be3 Qc7 8.f4 d6
9.Qf3 a6 10.O-O-O b5 11.g4 Bb7 12.g5 Nd7 13.h4 b4 14.Ne2 Rc8 15.Rd2 Nce5
16.fxe5 Nxe5 17.Qh3 Nc4 18.Ned4 Nxd2 19.Nxd2 e5 20.Bc4 exd4 21.Bxd4 d5 22.exd5 Be7
23.Qf5 g6 24.Qd3 O-O 25.b3 Rfd8 26.h5 Qd6 27.Ne4 Qf4+ 28.Be3 Qe5 29.hxg6 Qa1+
30.Kd2 Qxh1 31.gxf7+ Kxf7 32.g6+ hxg6 33.d6+ Ke8 34.Nf6+ Kf8 35.dxe7+ Kxe7
36.Ng8+ Kf8 37.Bc5+ Kg7 38.Bd4+ Kf8 39.Bc5+ Kg7 40.Bd4+ Kf8 41.Bc5+  1/2-1/2

[Event "RUS-ch U16"]
[Site "Kazan"]
[Date "1997.??.??"]
[Round "7"]
[White "Osadchenko, Andrei"]
[Black "Gazarian, Aram"]
[Result "0-1"]
[WhiteElo "2230"]
[BlackElo "2320"]

1.e4 c5 2.Nf3 Nc6 3.d4 cxd4 4.Nxd4 Qb6 5.Nb3 Nf6 6.Nc3 e6 7.Bg5 Be7 8.Bd3 d6
9.O-O a6 10.Qe2 Qc7 11.a4 b6 12.f4 h6 13.Bh4 Bb7 14.f5 Ne5 15.fxe6 fxe6 16.Bxf6 Bxf6
17.Qh5+ Qf7 18.Qh3 O-O 19.Be2 d5 20.exd5 exd5 21.Rad1 Nc4 22.Bh5 g6 23.Bf3 Ne3
24.Qxh6 Nxf1 25.Rxf1 d4 26.Bxb7 dxc3 27.Rxf6 Qxf6 28.Bd5+ Rf7 29.Bxf7+ Qxf7
30.bxc3 Rf8 31.h3 Qf2+ 32.Kh2 Qxc2 33.Nd4 Qe4 34.Kg3 Qe5+ 35.Kg4 Qh5+ 36.Qxh5 gxh5+
37.Kxh5 Rc8 38.Ne2 Rc4 39.Kg5 Rxa4 40.Kf5 Ra2 41.Nd4 a5 42.Ke4 Rxg2 43.Kd3 a4
44.Nb5 Kf7 45.c4 Rg3+ 46.Kc2 Rxh3 47.Nc3 a3 48.Nd5 Rh2+ 49.Kb1 Ke6 50.Ka1 Rb2
51.Nc3 Kd6 52.c5+ Kxc5 53.Na4+ Kc4 54.Nxb2+ axb2+ 55.Ka2 Kc3 56.Kb1 b5 57.Ka2 Kc2
58.Ka3 b1=R  0-1

[Event "Kiev"]
[Site "Kiev"]
[Date "1997.??.??"]
[Round "4"]
[White "Kholmov, Ratmir D"]
[Black "Yegiazarian, Arsen"]
[Result "1/2-1/2"]
[WhiteElo "2465"]
[BlackElo "2455"]

1.e4 c5 2.Nf3 Nc6 3.d4 cxd4 4.Nxd4 Qc7 5.Nc3 e6 6.g3 a6 7.Bg2 Nf6 8.O-O Nxd4
9.Qxd4 Bc5 10.Bf4 d6 11.Qd2 h6 12.Rad1 e5 13.Be3 Ke7 14.Bxc5 Qxc5 15.Rfe1 Be6
16.b4 Qc7 17.Nd5+ Bxd5 18.exd5 Rhc8 19.Rxe5+ Kf8 20.Re2 Qc4 21.a3 Rc7 22.Bf1 Qa2
23.Qf4 Rd8 24.c4 Qxa3 25.c5 Qa4 26.Red2 a5 27.cxd6 Rcd7 28.bxa5 Qxa5 29.Rb2 b6
30.Rb5 Qa7 31.Qb4 Rxd6 32.Bg2 Kg8  1/2-1/2

[Event "Kiev"]
[Site "Kiev"]
[Date "1997.??.??"]
[Round "10"]
[White "Pesotsky, Vitaly"]
[Black "Yegiazarian, Arsen"]
[Result "0-1"]
[WhiteElo "2415"]
[BlackElo "2455"]

1.e4 c5 2.Nf3 Nc6 3.d4 cxd4 4.Nxd4 Qc7 5.Nc3 e6 6.Be2 a6 7.O-O Nf6 8.a3 Bd6
9.Nxc6 dxc6 10.f4 e5 11.f5 b5 12.Qd3 O-O 13.g4 Bb7 14.g5 Nd7 15.Qh3 Rfe8
16.Qh4 Bc5+ 17.Kh1 Nf8 18.Rf3 Rad8 19.Rh3 Bc8 20.Nd1 Rd6 21.Ne3 Red8 22.Ng4 Rd1+
23.Bxd1 Rxd1+ 24.Kg2 Rg1+ 25.Kf3 Qd6 26.Be3 Rxa1 27.Bxc5 Qxc5 28.Rg3 Bxf5
29.Nh6+ gxh6 30.exf5 Qd5+ 31.Kg4 Qe4+ 32.Kh5 Qxf5  0-1

[Event "Kiev"]
[Site "Kiev"]
[Date "1997.??.??"]
[Round "12"]
[White "Pesotsky, Vitaly"]
[Black "Nadanian, Ashot"]
[Result "0-1"]
[WhiteElo "2415"]
[BlackElo "2375"]

1.e4 c5 2.Nf3 Nc6 3.d4 cxd4 4.Nxd4 Qb6 5.Nb3 Nf6 6.Nc3 e6 7.a3 Be7 8.Be2 a6
9.Be3 Qc7 10.f4 d6 11.O-O b5 12.Qe1 O-O 13.Bf3 Rb8 14.Qg3 b4 15.axb4 Nxb4
16.Bd1 Bb7 17.e5 Ne4 18.Nxe4 Bxe4 19.Bd4 d5 20.Rf2 a5 21.c3 Nc6 22.Be3 Qd8
23.Qg4 g6 24.Qe2 Bh4 25.g3 Be7 26.Nc5 Bf5 27.Nb3 f6 28.Qa6 Qc7 29.Nd4 Nxd4
30.Bxd4 Ra8 31.Qb5 fxe5 32.Bxe5 Qc8 33.Bd4 Bd8 34.Ba4 g5 35.Qe2 Qc7 36.Re1 g4
37.Ra1 Be7 38.Qe3 Rab8 39.Rd2 Qc4 40.Qe2 Qxe2 41.Rxe2 Kf7 42.Bd7 Rfd8 43.Bxe6+ Bxe6
44.Rae1 Rd7 45.Rxe6 Rxb2 46.Rh6 Kg8 47.f5 a4 48.f6 Bf8 49.Rh4 h5 50.Rxh5 Rdb7
51.Rxd5 a3 52.c4 Rc2 53.Rh5 Rb3 54.Ra5 a2 55.Ra8 Rb1 56.Rf1 Kf7 57.Ra7+ Kg6
58.f7 Rxc4 59.Ra6+ Kh7 60.Bf6 Bc5+  0-1

[Event "Koge op"]
[Site "Koge"]
[Date "1997.??.??"]
[Round "9"]
[White "Holmsgaard, Henrik"]
[Black "Drazic, Sinisa"]
[Result "1/2-1/2"]
[WhiteElo "2300"]
[BlackElo "2445"]

1.e4 c5 2.Nf3 Nc6 3.d4 cxd4 4.Nxd4 Qb6 5.Nb3 Nf6 6.Nc3 e6 7.Bd3 Be7 8.O-O O-O
9.Be3 Qc7 10.f4 d6 11.g4 Re8 12.g5 Nd7 13.Qh5 Bf8 14.Rf3 g6 15.Qh4 Bg7 16.Raf1 f5
17.gxf6 Bxf6 18.Qh6 Bg7 19.Qh4 Qd8 20.Qf2 Rf8 21.Nb5 Nf6 22.Qh4 a6 23.N5d4 d5
24.e5 Nh5 25.Qh3 Qe8 26.Be2 Bh8 27.R3f2 Ng7 28.Bg4 Bd7 29.Qf3 Rc8 30.h4 Ne7
31.Qh3 Qf7 32.Rg2 Nef5 33.Rff2 Be8 34.h5 gxh5 35.Bxf5 exf5 36.e6 Qe7 37.Nxf5 Qxe6
38.Nbd4 Qf6 39.Nh6+ Qxh6 40.Qxc8 Bg6 41.Qxb7 Be4 42.Rg5 Qd6 43.f5 h6 44.Rg6 Rf6
45.Rxf6 Qxf6 46.Qb8+ Kh7 47.Qf4 Ne8 48.Ne6 Ng7 49.Nxg7 Bxg7 50.c4 Bf8  1/2-1/2

[Event "RUS-ch (Women) sf+"]
[Site "Kolontaevo"]
[Date "1997.??.??"]
[Round "?"]
[White "Vrublevskaya, Olga"]
[Black "Mashinskaya, Iulia"]
[Result "1/2-1/2"]
[WhiteElo "2285"]
[BlackElo "2240"]

1.e4 c5 2.Nf3 Nc6 3.d4 cxd4 4.Nxd4 Qc7 5.Nc3 e6 6.Be2 a6 7.Be3 Nf6 8.a3 Be7
9.O-O O-O 10.f4 d6 11.Kh1 Bd7 12.Qe1 Rfd8 13.Qg3 Be8 14.Bd3 d5 15.e5 Nxd4
16.Bxd4 Nh5 17.Qf2 g6 18.Bb6 Qc6 19.Bxd8 Rxd8 20.Ne2 Bc5 21.Nd4 Qa4 22.c3 Rc8
23.Rad1 Qd7 24.b4 Bb6 25.Qe1 Qc7 26.g4 Ng7 27.f5 exf5 28.gxf5 Qxc3 29.Qxc3 Rxc3
30.Bb1 Rxa3 31.Rf3  1/2-1/2

[Event "Komarno op"]
[Site "Komarno"]
[Date "1997.??.??"]
[Round "?"]
[White "Manik, Mikulas"]
[Black "Oral, Tomas"]
[Result "1/2-1/2"]
[WhiteElo "2455"]
[BlackElo "2415"]

1.e4 c5 2.Nf3 Nc6 3.d4 cxd4 4.Nxd4 Qc7 5.Nc3 e6 6.g3 a6 7.Bg2 Nf6 8.O-O Nxd4
9.Qxd4 Bc5 10.Qd3 d6 11.Be3 Bxe3 12.Qxe3 Bd7 13.Rad1 Bc6 14.Rd3 O-O 15.Rfd1 Rfd8
16.Qd2 Ne8 17.e5 Bxg2 18.Kxg2 d5 19.Qe3 b5 20.R1d2 Rdc8 21.Ne2 b4 22.Nd4 Qe7
23.f4 Rc4 24.b3 Rc5 25.f5 Rac8 26.fxe6 fxe6 27.Rf2 Nc7 28.Qd2 Nb5 29.Nxb5 Rxb5
30.Rdf3 a5 31.Rf7 Qxf7 32.Rxf7 Kxf7 33.Qd3 Rbc5 34.Qxh7 Rxc2+ 35.Kh3  1/2-1/2

[Event "Cassovia op"]
[Site "Kosice"]
[Date "1997.??.??"]
[Round "?"]
[White "Hagara, Eduard"]
[Black "Cherevatenko, Roman"]
[Result "1/2-1/2"]
[WhiteElo "2165"]
[BlackElo "2395"]

1.e4 c5 2.Nf3 Nc6 3.d4 cxd4 4.Nxd4 Qc7 5.Nc3 e6 6.Be3 a6 7.Be2 Nf6 8.O-O Bb4
9.Na4 Be7 10.Nxc6 bxc6 11.Qd4 Rb8 12.c4 d6 13.Bf3 c5 14.Qd3 Bd7 15.Qc2 O-O
16.Nc3 Bc6 17.Rfd1 Rb6 18.Rd2 Rfb8 19.Rb1 h6 20.Bf4 Ne8 21.b3 Bf6 22.Re1 a5
23.Bd1 Bd4 24.Qd3 Nf6 25.Bc2 Bd7 26.Be3 e5  1/2-1/2

[Event "RUS-ch sf"]
[Site "Krasnodar"]
[Date "1997.??.??"]
[Round "?"]
[White "Beshukov, Sergei"]
[Black "Averkin, Orest N"]
[Result "0-1"]
[WhiteElo "2435"]
[BlackElo "2425"]

1.e4 c5 2.Nf3 Nc6 3.d4 cxd4 4.Nxd4 Qc7 5.Nc3 e6 6.Be2 a6 7.O-O Nf6 8.Be3 Bb4
9.Na4 Be7 10.Nxc6 bxc6 11.Nb6 Rb8 12.Nxc8 Qxc8 13.e5 Nd5 14.Bc1 Bc5 15.c4 Ne7
16.b3 Qc7 17.Bb2 d6 18.exd6 Bxd6 19.g3 Be5 20.Bxe5 Qxe5 21.Bf3 c5 22.Qc1 Nf5
23.Bc6+ Ke7 24.Qa3 Rb6 25.Bd5 Rc8 26.Rad1 Kf8 27.Rfe1 Qf6 28.Be4 Nd4 29.Qa5 Qd8
30.Kf1 Rd6 31.Qa3 a5 32.Qc1 h6 33.Qf4 Rd7 34.Rd3 Qg5 35.Qe3 Rcd8 36.Red1 Rd6
37.h4 Qe7 38.Qf4 f5 39.Bg2 e5 40.Qd2 e4 41.Re1 Nf3  0-1

[Event "SLO-ch"]
[Site "Krsko"]
[Date "1997.??.??"]
[Round "?"]
[White "Zupe, Miran"]
[Black "Kragelj, Igor"]
[Result "1-0"]
[WhiteElo "2410"]
[BlackElo "2285"]

1.e4 c5 2.Nf3 Nc6 3.d4 cxd4 4.Nxd4 Qc7 5.Nb5 Qb8 6.c4 Nf6 7.N5c3 b6 8.Be2 Bb7
9.O-O e6 10.Be3 Bc5 11.Qd2 O-O 12.Rd1 Rd8 13.Kh1 Bxe3 14.Qxe3 d5 15.cxd5 exd5
16.exd5 Nb4 17.Na3 Nbxd5 18.Nxd5 Bxd5 19.f3 Re8 20.Qf2 Qf4 21.Kg1 Qe3 22.Bb5 Qxf2+
23.Kxf2 Red8 24.Ba6 Kf8 25.b3 Be6 26.Nb5 Ne8 27.Rac1 Rxd1 28.Rxd1 Bc8 29.Rd8 Bxa6
30.Rxa8 Bxb5 31.Rxa7 Nd6 32.Ra8+ Be8 33.a4 Ke7 34.Rb8 b5 35.a5 Bd7 36.a6 Nc8
37.Rb7  1-0

[Event "La Pobla de Lillet op"]
[Site "La Pobla de Lillet"]
[Date "1997.??.??"]
[Round "1"]
[White "Jimenez Bernal, Francisco"]
[Black "Pogorelov, Ruslan"]
[Result "0-1"]
[WhiteElo "2090"]
[BlackElo "2465"]

1.e4 c5 2.Nf3 Nc6 3.d4 cxd4 4.Nxd4 Qc7 5.c4 Qe5 6.Nxc6 Qxe4+ 7.Be3 Qxc6 8.Nc3 e6
9.Be2 Nf6 10.O-O Be7 11.b3 d6 12.Qc2 O-O 13.Rad1 a6 14.Bf3 Qc7 15.Na4 Bd7
16.Bb6 Qc8 17.Be3 Bxa4 18.bxa4 Rd8 19.Qb3 Rd7 20.Rd2 Qe8 21.Rb1 Rc8 22.Bd4 e5
23.Bb6 Bd8 24.a5 Bxb6 25.axb6 e4 26.Be2 Qe5 27.Rbd1 h5 28.Qb2 Qxb2 29.Rxb2 Kf8
30.f3 exf3 31.gxf3 Rc5 32.Kf2 g6 33.Rd4 Ke7 34.a4 Ra5 35.Bd1 Re5 36.Re2 Rxe2+
37.Bxe2 Ne8 38.Bd3 Ng7 39.Re4+ Ne6 40.Re3 Kf6 41.Bc2 Nc5 42.f4 a5 43.h4 Re7
44.Rxe7 Kxe7 45.Ke3 Nd7 46.Kd4 Nxb6 47.c5 Nd7 48.cxd6+ Kxd6 49.f5 Ne5 50.fxg6 Nxg6
51.Bd1 Nxh4 52.Bxh5 Ng6 53.Ke4 Kc5 54.Kf5 Kb4 55.Bd1 Nf8 56.Bf3 b6 57.Kf6 Nd7+
58.Kxf7 Ne5+  0-1

[Event "La Pobla de Lillet op"]
[Site "La Pobla de Lillet"]
[Date "1997.??.??"]
[Round "3"]
[White "Jose Queralto, Daniel"]
[Black "Pogorelov, Ruslan"]
[Result "0-1"]
[WhiteElo "2160"]
[BlackElo "2465"]

1.e4 c5 2.Nf3 Nc6 3.d4 cxd4 4.Nxd4 Qc7 5.Be3 Nf6 6.Nc3 e6 7.f3 a6 8.Qd2 b5
9.g4 h6 10.Rg1 Bb7 11.h4 Nxd4 12.Bxd4 Bd6 13.Ne2 Rc8 14.c3 e5 15.Be3 Bc5
16.g5 Bxe3 17.Qxe3 hxg5 18.hxg5 Nh5 19.O-O-O Qc5 20.Qd2 d5 21.g6 f6 22.Bh3 Rd8
23.Be6 d4 24.Kb1 d3 25.Nc1 Nf4 26.Bf7+ Ke7 27.Rh1 Rxh1 28.Rxh1 f5 29.Re1 fxe4
30.fxe4 Qd6 31.Nb3 Bc8 32.Nd4 Qf6 33.Nf3 Bg4 34.Nh2 Be2 35.c4 bxc4 36.Nf1 Bxf1
37.Rxf1 Qd6 38.Bxc4 Rc8 39.b3 Qxg6 40.Qb4+ Qd6 41.Qxd6+ Kxd6 42.Rd1 Rxc4
43.bxc4 Kc5 44.Rg1 Kxc4 45.Rxg7 Ne2 46.Ra7 Kc3 47.Rxa6 Kd2 48.Rd6 Ke3 49.a4 Nc3+
50.Kc1 Nxa4 51.Rd5 Ke2 52.Rd8 Nc3 53.Rd7 Nb5 54.Rd5 Nd4  0-1

[Event "Lahti We LahS I op"]
[Site "Lahti"]
[Date "1997.??.??"]
[Round "2"]
[White "Sammalvuo, Tapani"]
[Black "Luukkonen, Tommi"]
[Result "0-1"]
[WhiteElo "2375"]
[BlackElo "2200"]

1.e4 c5 2.Nf3 Nc6 3.d4 cxd4 4.Nxd4 Qb6 5.Nb3 Nf6 6.Nc3 e6 7.Be3 Qc7 8.Bd3 a6
9.f4 d6 10.Qf3 Be7 11.g4 b5 12.g5 Nd7 13.Qh3 Nc5 14.f5 b4 15.Ne2 Ne5 16.O-O Bb7
17.fxe6 Nxe6 18.Qg2 O-O-O 19.Nf4 Bxg5 20.Qh3 Kb8 21.Nd5 Qd7 22.Nb6 Qc6 23.a3 Bxe3+
24.Qxe3 Ng4 25.Na5 Qc7 26.Nd5 Qxa5 27.Qg3 Qc5+ 28.Kh1 Nf6 29.axb4 Qd4 30.Rfe1 Nxd5
31.c3 Qe5 32.Qf2 Ndf4 33.Qf3 Ng5 34.Qe3 Nxd3  0-1

[Event "US-op"]
[Site "Las Vegas"]
[Date "1997.??.??"]
[Round "1"]
[White "Sweet, J."]
[Black "Dorsch, Thomas"]
[Result "0-1"]
[WhiteElo "1685"]
[BlackElo "2170"]

1.e4 c5 2.Nf3 Nc6 3.d4 cxd4 4.Nxd4 Qc7 5.Nc3 e6 6.Nxc6 bxc6 7.Bd3 d5 8.exd5 cxd5
9.Qe2 Bd7 10.Nxd5 Qb7 11.Nc3 Bc6 12.Bb5 Bb4 13.Bxc6+ Qxc6 14.Qf3 Qxf3 15.gxf3 Nf6
16.Bd2 O-O 17.O-O-O Rac8 18.Nb5 Nd5 19.a3 Bc5 20.Rhf1 a6 21.Nc3 Nxc3 22.Bxc3 Bxa3
23.Bxg7 Kxg7 24.bxa3 Rc3 25.Rd3 Rfc8 26.Rxc3 Rxc3 27.Kb2 Rxf3 28.Rg1+ Kf6
29.Rg2 h5 30.c4 Ke5 31.Rg5+ f5 32.Rxh5 Kd4 33.Rh6 Rxf2+ 34.Kb3 Re2 35.h4 f4
36.h5 e5 37.Rxa6 f3 38.Rf6 e4 39.h6 Rh2 40.c5 Kxc5 41.Kc3 Kd5 42.a4 Ke5 43.Rf8 Rxh6
44.Kd2 Rh2+ 45.Ke1 Ra2 46.Re8+ Kf4 47.Rf8+ Ke3 48.Rd8 f2+  0-1

[Event "Lazne Bohdanec"]
[Site "Lazne Bohdanec"]
[Date "1997.??.??"]
[Round "5"]
[White "Votava, Jan"]
[Black "Vokac, Marek"]
[Result "1/2-1/2"]
[WhiteElo "2530"]
[BlackElo "2485"]

1.e4 c5 2.Nf3 Nc6 3.d4 cxd4 4.Nxd4 Qb6 5.Nb3 Nf6 6.Nc3 e6 7.Bd3 Be7 8.Qe2 d6
9.f4 Qc7 10.g4 Nd7 11.Bd2 Bh4+ 12.Kf1 h6 13.Be1 Bxe1 14.Kxe1 a6 15.Kd2 g5
16.f5 Nde5 17.Raf1 Bd7 18.Kc1 O-O-O 19.Kb1 Kb8 20.h3 Qb6 21.Rd1 Rc8 22.Rhf1 Nb4
23.Qd2 Nbxd3 24.cxd3 a5 25.Qf2 Qa6 26.Nc1 h5 27.Rg1 hxg4 28.hxg4 Rh3 29.Rg3 Rxg3
30.Qxg3 Qb6 31.Ka1 a4 32.a3 Rh8 33.d4 Nc4 34.Qf2 Rh3 35.Rd3 Rh1 36.Rd1 Rh3
37.Rd3 Rh1 38.Qc2 Qb3 39.Qb1 Qb6 40.Qc2 Qb3 41.Qb1  1/2-1/2

[Event "Lazne Bohdanec"]
[Site "Lazne Bohdanec"]
[Date "1997.??.??"]
[Round "8"]
[White "Jansa, Vlastimil"]
[Black "Vokac, Marek"]
[Result "1/2-1/2"]
[WhiteElo "2490"]
[BlackElo "2485"]

1.e4 c5 2.Nf3 Nc6 3.d4 cxd4 4.Nxd4 Qb6 5.Nb3 Nf6 6.Nc3 e6 7.Bd3 Be7 8.O-O O-O
9.Qe2 d6 10.Bg5 a6 11.Rae1 Ne5 12.Kh1 Nxd3 13.cxd3 Qd8 14.f4 b5 15.e5 Ne8
16.Bxe7 Qxe7 17.Nd4 dxe5 18.Qxe5 Qd6 19.Ne4 Qxe5 20.fxe5 Nc7 21.Nc5 Nd5 22.Nc6 a5
23.a3 Re8 24.b4 axb4 25.axb4 Ba6 26.Ra1 Rec8 27.Nd4 Nxb4 28.Ndb3 Rc6 29.Ra5 Rd8
30.d4 h5 31.Rfa1 Bc8 32.Rxb5 Nc2 33.Ra4 Bd7 34.Nxd7 Rxd7 35.Kg1 Ne3 36.Rb8+ Kh7
37.Nc5 Rdc7 38.Kf2 Nf5 39.Ne4 Rc2+ 40.Kf3 Rc1 41.Rb2 R7c4 42.Rxc4 Rxc4 43.d5 exd5
44.Nd6 Nh4+ 45.Ke3 Rg4 46.g3 Ng6 47.Nxf7 Nxe5 48.Nxe5 Re4+ 49.Kf3 Rxe5 50.Kf4 Re4+
51.Kg5 Re5+ 52.Kf4 Re7 53.Rd2 Rd7 54.Kg5 g6 55.Kf6 d4 56.Ke5 d3  1/2-1/2

[Event "Linz op"]
[Site "Linz"]
[Date "1997.??.??"]
[Round "7"]
[White "Grabher, Heinz"]
[Black "Soffer, Ram"]
[Result "0-1"]
[WhiteElo "2275"]
[BlackElo "2525"]

1.e4 c5 2.Nf3 Nc6 3.d4 cxd4 4.Nxd4 Qc7 5.Nc3 e6 6.g3 a6 7.a4 Nf6 8.Bg2 Bc5
9.Nb3 Ba7 10.O-O d6 11.Kh1 Ne5 12.Qe2 Bd7 13.f4 Neg4 14.f5 Rc8 15.Bf4 e5
16.Bg5 h6 17.Bxf6 Nxf6 18.Rfd1 h5 19.h3 Bc6 20.Rd2 Ke7 21.Nb5 axb5 22.axb5 Bb8
23.bxc6 bxc6 24.Ra6 Qd7 25.Na5 d5 26.exd5 cxd5 27.c4 e4 28.Bxe4 Rhe8 29.Bxd5+ Kf8
30.Qf2 h4 31.Be6 hxg3 32.Bxd7 gxf2 33.Kg2 Rcd8 34.Rxf6 gxf6 35.c5 Bg3 36.c6 Re1
37.Rxf2 Bxf2 38.Kxf2 Rc1 39.b4 Rb8 40.Nb7 Ke7 41.b5 Ra8 42.Ke3 Ra4 43.Kd3 Rh1
44.c7 Rxh3+ 45.Kc2 Rc4+  0-1

[Event "TSV Willsbach"]
[Site "Loewenstein"]
[Date "1997.??.??"]
[Round "9"]
[White "Kunz, Walter"]
[Black "Oral, Tomas"]
[Result "0-1"]
[WhiteElo "2235"]
[BlackElo "2415"]

1.e4 c5 2.Nf3 Nc6 3.d4 cxd4 4.Nxd4 Qc7 5.Nc3 e6 6.Be2 a6 7.O-O b5 8.Nxc6 dxc6
9.Be3 Bb7 10.f4 Be7 11.Bf3 c5 12.Qe1 b4 13.Na4 Nf6 14.e5 Nd5 15.b3 O-O 16.Kh1 c4
17.Qf2 Nxe3 18.Qxe3 Bxf3 19.Qxf3 c3 20.Rad1 Rad8 21.g3 g6 22.Kg2 Bc5 23.Nxc5 Qxc5
24.Rd3 Rxd3 25.Qxd3 Qa5 26.Rd1 Qxa2 27.g4 a5 28.Kf3 a4 29.bxa4 Qxa4 30.Qe4 Qb5
31.Rb1 Rb8 32.h4 Qc5 33.Qe3 Qd5+ 34.Qe4 Qc5 35.Qe3 Qd5+ 36.Qe4 Qd2 37.Qe2 Qd7
38.Qe4 Qe7 39.g5 Kg7 40.Kg4 Qc5 41.h5 gxh5+ 42.Kxh5 Qd5 43.Rxb4 Rxb4 44.Qxb4 Qh1+
45.Kg4 Qg2+ 46.Kh4 Qh2+ 47.Kg4 Qxc2 48.Qe7 Qd1+  0-1

[Event "NRW-Cup Masters op"]
[Site "Muenster"]
[Date "1997.??.??"]
[Round "5"]
[White "Hoffmann, Michael"]
[Black "Gofshtein, Leonid D"]
[Result "1/2-1/2"]
[WhiteElo "2440"]
[BlackElo "2545"]

1.e4 c5 2.Nf3 Nc6 3.d4 cxd4 4.Nxd4 Qc7 5.Nc3 e6 6.Be3 a6 7.Bd3 b5 8.O-O Bb7
9.Qe2 Nf6 10.f4 Nxd4 11.Bxd4 Bc5 12.Bxc5 Qxc5+ 13.Kh1 b4 14.Nd1 d5 15.e5 Ne4
16.Nf2 Nxf2+ 17.Rxf2 g6 18.Rff1 a5 19.a3 O-O 20.Qf2 d4 21.h3 Bd5 22.Kh2 Rfc8
23.Rfd1 Rab8 24.axb4 Rxb4 25.b3 Ra8 26.Ra2 Bc6 27.Bc4 Bd5 28.c3 Rxb3  1/2-1/2

[Event "JUG-chT (Women)"]
[Site "Niksic"]
[Date "1997.??.??"]
[Round "2"]
[White "Maric, Mirjana"]
[Black "Vujic Katanic, Branka"]
[Result "0-1"]
[WhiteElo "2305"]
[BlackElo "2145"]

1.e4 c5 2.Nf3 Nc6 3.d4 cxd4 4.Nxd4 Qb6 5.Nb3 Nf6 6.Nc3 e6 7.Be3 Qc7 8.Bd3 a6
9.O-O Be7 10.Na4 d6 11.Nb6 Rb8 12.f4 O-O 13.c3 Nd7 14.Nxc8 Rfxc8 15.Qf3 e5
16.Bc4 b5 17.Bd5 Nf6 18.Rad1 Bf8 19.h3 exf4 20.Bxf4 Ne5 21.Qf2 b4 22.cxb4 Rxb4
23.Rc1 Qb8 24.Rxc8 Qxc8 25.Bxe5 dxe5 26.Qa7 Qe8 27.Qxa6 Ra4 28.Qd3 Rxa2 29.Bc4 Rxb2
30.Ra1 Qb8 31.Kh1 Qb6 32.Ra8 g6 33.Qf3 Kg7 34.Ra6 Qd8 35.Kh2 Be7 36.Rc6 Nh5
37.Qc3 Rf2 38.Qxe5+ Bf6 39.Qd5 Qb8+ 40.Kg1  0-1

[Event "JUG-chT"]
[Site "Niksic"]
[Date "1997.??.??"]
[Round "4"]
[White "Mitrovic, Petar"]
[Black "Zafirovski, Mite"]
[Result "1-0"]
[WhiteElo "2385"]
[BlackElo "2290"]

1.e4 c5 2.Nf3 Nc6 3.d4 cxd4 4.Nxd4 Qc7 5.Nc3 e6 6.f4 Nxd4 7.Qxd4 a6 8.Qf2 b5
9.Bd3 Bb7 10.e5 f5 11.Be3 Bb4 12.Bd4 Ne7 13.a3 Bxc3+ 14.Bxc3 O-O 15.Bb4 Rfe8
16.Rg1 Be4 17.O-O-O Bxd3 18.Rxd3 Nd5 19.g4 Nxb4 20.axb4 g6 21.Rdg3 Rac8 22.h4 Rf8
23.gxf5 Rxf5 24.Qg2 Kf8 25.Rg5 Qc6 26.Rxf5+ exf5 27.Qh2 Qf3 28.h5 Rc6 29.hxg6 Rxg6
30.Rxg6 Qf1+ 31.Kd2 hxg6 32.Qh8+ Ke7 33.Qf6+ Ke8 34.Qxg6+ Kd8 35.Qf6+ Ke8
36.Qxf5 Qf2+ 37.Kc3 Qe3+ 38.Qd3 Qf2 39.Qg6+ Kd8 40.Qf6+ Ke8 41.Qg6+ Kd8 42.Qe4 Qg3+
43.Kd4 Qf2+ 44.Kd5 Qd2+ 45.Kc5 Kc7 46.Qd3 Qf2+ 47.Kd5 Qxf4 48.c4 d6 49.Qh7+ Kb6
50.c5+ dxc5 51.Qg6+ Ka7 52.Qg7+ Kb8 53.Kc6  1-0